000 00818nam a22002537a 4500
001 000631
003 DO-SdBNP
005 20161101141115.0
007 000631
008 161101b 1978 sp a ||||| |||| 00| 0 spa d
020 _a031138532X
040 _aBPMSU
_bspa
_cBPMSU
082 _axxxxx
_bxxxxx
100 1 _aMandeville, Sylvia
245 1 0 _aAmigos de Dios /
_ctexto de Sylvia Mandeville ; ilustraciones de Richard Deverell ; versión castellana de Edna Lee de Gutiérrez.
260 _aBuenos Aires, Argentina :
_bMundo Hispano,
_c1978.
300 _a24 p. :
_bil. ;
_c32 cm.
490 1 _aApunta con tu dedo
700 1 _aDeverell, Richard,
_eil.
700 1 _aGutiérrez, Edna Lee de
830 0 _aApunta con tu dedo.
942 _2ddc
_cBK
956 _2LOPEREZ
_310
_620131101
_8BPMSU
_a00041
999 _c11756
_d11756